00458cam a22001811 450000100070000000500170000700800410002401000170006504000180008204100080010004300120010808000070012008200070012710000070013410100080014124500230014950401040017227837320180918040725.0730515s1962 mauab b 000 0 eng  a 62017228  aDLCcDLCdDLC aeng an-us-ma a94 a941 a16 aHIS10aStreetcar suburbs: a"Bibliographical note": p. [187]-191. Bibliographical references included in "Notes" (p. [193]-203)